000 00837nam a2200253Ia 4500
003 OSt
005 20220930075314.0
006 a|||||r|||| 00| 0
007 ta
008 220926b |||||||| |||| 00| 0 eng d
024 _a80163
037 _cTheses
040 _aCRL
_cCRL
_beng
041 _2eng
_aeng
100 _aMakvana D K
_9536238
110 _aUniversity of Delhi. Faculty of Medical Sciences. Department of Community Health Administration
_9536239
245 0 _aStudy of functioning of eye banks in Delhi
260 _c2003
650 _aCOMMUNITY HEALTH SERVICES
700 _a Dr. Sanjay Gupta Gu.
_9532758
700 _aUniversity of Delhi. Faculty of Medical Sciences. Department of Community Health Administration
_9536240
942 _cDIS
_2CC
999 _c868031
_d868031